| 000 | 03397 a2200241 4500 | ||
|---|---|---|---|
| 003 | UA-OsUOA | ||
| 005 | 20260424095601.0 | ||
| 008 | 260424b un ||||| |||| 00| 0 ukr d | ||
| 020 | _a9789668853104 | ||
| 040 |
_bukr _cUA-OsUOA |
||
| 041 | _aukr | ||
| 080 | _a327.39(4) | ||
| 090 |
_a327.3(4) _bЖ74 |
||
| 245 |
_aЖити разом: поєднання різноманіття і свободи в Європі ХХІ століття. Доповідь Групи видатних осіб Ради Європи _cред. Ірина Новіцька ; пер. з англ. Ганни Лелів та ін. |
||
| 260 |
_aЛьвів _bЛітопис _c2011 |
||
| 300 | _a112 с. | ||
| 520 | _aУлітку 2010 року Генеральний секретар Ради Європи Турбйорн Яґланд закликав незалежну “Групу Видатних Осіб” підготувати доповідь про виклики, пов’язані з ростом нетерпимості та дискримінації в Європі. Очолив Групу колишній Міністр закордонних справ Німеччини Йошка Фішер. Група налічує дев’ятеро членів – чотири жінки та п’ять чоловіків – із різних країн-членів Ради Європи. Окрім Фішера, сюди входять Емма Боніно (Італія), Тімоті Ґартон Еш (Великобританія), Мартен Ірш (Франція), Данута Гюбнер (Польща), Айше Кадіоглу (Туреччина), Соня Ліхт (Сербія), Владімір Лукін (Російська Федерація) і Хав’єр Солана (Іспанія). Доповідач – Едвард Мортімер (Великобританія). Доповідь Групи видатних осіб Ради Європи “Жити разом: поєднання різноманіття і свободи в Європі ХХІ століття” аналізує виклики сучасній європейській спільноті й пропонує 17 керівних принципів їхнього подолання. Ця доповідь дає кожному змогу глибше зрозуміти принцип різноманітності, що лежить в основі ідеї об’єднаної Європи. Автори доповіді закликають Україну і Польщу провести широке обговорення цього документа з залученням освітян, науковців, ЗМІ, політиків, неурядових організацій, профспілок, релігійних об’єднань. Для широкого кола читачів, яким не байдуже наше спільне майбутнє в європейському домі. | ||
| 650 |
_a327.3Інтернаціоналізм. Міжнародні рухи, організації і течії _925083 |
||
| 700 | 1 |
_aНовіцька І. _eред. _925084 |
|
| 942 |
_cBK _2udc |
||
| 955 | _a1 | ||
| 999 |
_c580507 _d580507 |
||